00325nam a2200121Ia 4500008004100000041000800041082001500049100002100064245004400085260003900129300002400168365001100192240624s9999 xx 000 0 und d aeng a658.22 KUR aKURATKO DONALD F aNEW VENTURE MANAGEMENT THE ENTREPRENEUR c2008aNew DelhibPearson Education a352 : p. : cm. ; 23 cRSb36